00762cam a22002173a 45000010005000000030006000050050017000110080041000280400015000690420007000840500007000911000022000982450155001202600029002755060030003045160020003346530048003546530073004028300028004758560041005035065PGUSA20140828083113.0040201s2004||||xxu|||||s|||||000 | eng d aPGUSAbeng adc 4aJK1 aNortham, Henry C.10aCivil Government for Common Schools :bPrepared as a Manual for Public Instruction in the State of New Yorkh[electronic resource] /cHenry C. Northam bProject Gutenberg,c2004 aPublic domain in the USA. aElectronic text aNew York (State) -- Politics and government aUnited States -- Politics and government -- Handbooks, manuals, etc. 0aProject Gutenbergv506540uhttp://www.gutenberg.org/ebooks/5065